<Die> privaten Hypothekenbanken 1989. 1.
Súkromné hypotékové banky SRN, ich bilančné sumy v r. 1988 a 1989 a ich najväčší akcionári. Súhrnná bilancia aktív a pasív. Celkové zisky. Analýza základných ukazovateľov činnosti reálnych úverových bánk: Hypothekenbank Frankfurt Rheinische Hypothekenbank, Bayerische Handelsbank AG a i.
Na minha lista:
| Formato: | Capítulo de Livro |
|---|---|
| Idioma: | alemão |
| Assuntos: | |
| Tags: |
Sem tags, seja o primeiro a adicionar uma tag!
|
MARC
| LEADER | 00000naa a2200000 4500 | ||
|---|---|---|---|
| 001 | r003934 | ||
| 005 | 20221130103544.2 | ||
| 041 | 0 | |a ger | |
| 044 | |a DE | ||
| 245 | 1 | 0 | |a <Die> privaten Hypothekenbanken 1989. 1. |
| 520 | |a Súkromné hypotékové banky SRN, ich bilančné sumy v r. 1988 a 1989 a ich najväčší akcionári. Súhrnná bilancia aktív a pasív. Celkové zisky. Analýza základných ukazovateľov činnosti reálnych úverových bánk: Hypothekenbank Frankfurt Rheinische Hypothekenbank, Bayerische Handelsbank AG a i. | ||
| 610 | 2 | 0 | |a banky |
| 610 | 2 | 0 | |a Nemecko |
| 610 | 2 | 0 | |a aktíva |
| 610 | 2 | 0 | |a pasíva |
| 610 | 2 | 0 | |a 1988-1989 |
| 610 | 2 | 0 | |a bilancia finančná |
| 610 | 2 | 0 | |a zisk podnikový |
| 610 | 2 | 0 | |a údaje štatistické |